| 000 | 00875nac a2200253 a 4500 | ||
|---|---|---|---|
| 003 | Co-PeBPM | ||
| 005 | 20251212105259.0 | ||
| 008 | 251212s2012 |||||||| |||| 00| 0 spa d | ||
| 020 | _a9788494030130 | ||
| 040 | 0 |
_aCo-PeBPM _bspa _cCo-PeBPM _erda |
|
| 041 | 0 | _aspa | |
| 082 | 0 | 4 | _a895.63 K43h |
| 100 | 1 |
_aKido, Okamoto _d1872-1939 _eautor |
|
| 245 | 1 | 0 |
_aHanshichi _b: un detective en el Japón de los samuráis _c/ Okamoto Kido ; traducción del japonés Mariló Rodríguez del Alisal, Yuko Fujimura |
| 260 |
_aMadrid, España _b: Quaterni _c, 2012 |
||
| 300 |
_a310 páginas _c; 23 centímetros |
||
| 650 | 1 | 4 |
_2LEMB _aNovela japonesa |
| 650 | 1 | 4 |
_2LEMB _aDetectives _vnovela |
| 650 | 1 | 4 |
_2LEMB _aNovela policiaca |
| 650 | 1 | 4 |
_2LEMB _aSamurai _vnovela |
| 700 | 1 |
_aRodríguez del Alisal, Mariló _etraductor |
|
| 700 | 1 |
_aFujimura, Yuko _etraductor |
|
| 942 |
_2ddc _cLIT _n0 |
||
| 999 |
_c107026 _d107026 |
||